000 00653nam a2200229 a 4500
001 101286
003 BD-ChCU
005 20230204170753.0
008 003s2019 a-uk b 002 eng
020 _a0 7619 7132 7
040 _aDLC
_cDLC
_dBD-ChCU
082 0 0 _a300.72/M647a
100 1 _aMiller, Robert L.
_c
245 0 0 _aThe A-Z of social research:
_ca dictionary of key social science research concepts
_cRobert L. Miller
250 _a
260 _aLondon
_cSage
_c2003
300 _a345p.
504 _aIncludes index bibliog glossary
650 0 _aSocial science - research.
_c Social science
700 1 _a
942 _2ddc
_cBK
999 _c101286
_d101286